LEADER 01239pam a22003134a 4500 001 991001876609707536 008 121107s2007 it a 001 0 ita d 020 $a9788840814148 035 $ab14085021-39ule_inst 040 $aDip.to Fisica$beng 082 00$a530$222 084 $aLC QC23 084 $a53(022) 100 1 $aGiancoli, Douglas C.$066000 245 10$aFisica :$bcon fisica moderna /$cDouglas C. Giancoli 250 $a2. ed. 260 $aMilano :$bCEA,$c2007 300 $axxvii, 1056 p. :$bill. (some col.) ;$c27 cm 500 $aIncludes appendix and index 650 4$aModern physics 740 0 $aPhysics : principles and applications, 6th ed. 907 $a.b14085021$b27-04-18$c07-11-12 912 $a991001876609707536 945 $aLE006 53(022+076) GIA$cC. 1$g1$i2006000167932$lle006$op$pE86.00$q-$rn$so $t0$u0$v0$w0$x0$y.i15453698$z07-11-12 945 $aLE006 53(022+076) GIA$cC. 2$g1$i2006000167963$lle006$op$pE86.00$q-$rl$s- $t0$u13$v2$w13$x0$y.i15453704$z07-11-12 945 $aLE006 53(022+076) GIA$cC. 3$g1$i2006000167925$lle006$op$pE86.00$q-$rl$s- $t0$u8$v1$w8$x0$y.i15453716$z07-11-12 996 $aFisica$9240876 997 $aUNISALENTO 998 $ale006$b07-11-12$cm$da $e-$fita$git $h0$i0 LEADER 01560nmm a2200457 i 4500 001 991000528369707536 007 cr nn 008mamaa 008 081216s2009 de j eng d 020 $a9783540859642 035 $ab13870816-39ule_inst 040 $aBibl. Dip.le Aggr. Matematica e Fisica - Sez. Matematica$beng 082 04$a515 084 $aAMS 60F10 084 $aAMS 60H10 084 $aAMS 37H15 084 $aAMS 34C11 084 $aAMS 58J35 084 $aAMS 91B28 084 $aAMS 37N10 084 $aAMS 92D15 084 $aAMS 92D25 100 1 $aSiegert, Wolfgang$0472379 245 10$aLocal Lyapunov exponents$h[e-book] :$bsublimiting growth rates of linear random differential equations /$cby Wolfgang Siegert ; edited by J.-M. Morel, F. Takens, B. Teissier 260 $aBerlin :$bSpringer,$c2009 300 $a1 online resource (ix, 254 p.) 440 0$aLecture Notes in Mathematics,$x0075-8434 ;$v1963 650 0$aDifferentiable dynamical systems 650 0$aDifferential equations 650 0$aGenetics$xMathematics 650 0$aGlobal analysis 650 0$aMathematics 700 1 $aMorel, J.-M. 700 1 $aTakens, F. 700 1 $aTeissier, B. 773 0 $aSpringer eBooks 856 40$uhttp://dx.doi.org/10.1007/978-3-540-85964-2$zAn electronic book accessible through the World Wide Web 907 $a.b13870816$b03-03-22$c14-01-10 912 $a991000528369707536 996 $aLocal Lyapunov exponents$9230315 997 $aUNISALENTO 998 $ale013$b14-01-10$cm$d@ $e-$feng$gde $h0$i0 LEADER 01089nam a2200289 i 4500 001 991001693269707536 005 20020507150635.0 008 000214s1984 it ||| | ita 020 $a8814004080 035 $ab11550454-39ule_inst 035 $aLE02723343$9ExL 040 $aDip.to Studi Giuridici$bita 082 0 $a262.9 082 0 $a346.45054 100 1 $aDe Luca, Nicoletta$0238367 245 10$aAnima est plus quam corpus /$cNicoletta De Luca 260 $aMilano :$bA. Giuffrè,$c1984 300 $axii, 166 p. ;$c25 cm. 490 0 $aPubblicazioni dell'Istituto di studi giuridici della Facoltà di scienze politiche dell'Università di Roma. Ser. 5 ;$v42 650 4$aDisposizioni a favore dell'anima 650 4$aTestamenti$xDiritto canonico 907 $a.b11550454$b01-03-17$c02-07-02 912 $a991001693269707536 945 $aLE027 262.90 DEL05.01$g1$i2027000175512$lle027$o-$pE0.00$q-$rl$s- $t0$u0$v0$w0$x0$y.i11750224$z02-07-02 996 $aAnima est plus quam corpus$9656521 997 $aUNISALENTO 998 $ale027$b01-01-00$cm$da $e-$fita$git $h0$i1